| 000 -LEADER |
| fixed length control field |
01491cam a2200433 a 4500 |
| 001 - CONTROL NUMBER |
| control field |
8639021 |
| 003 - CONTROL NUMBER IDENTIFIER |
| control field |
OSt |
| 005 - DATE AND TIME OF LATEST TRANSACTION |
| control field |
20210924113446.0 |
| 006 - FIXED-LENGTH DATA ELEMENTS--ADDITIONAL MATERIAL CHARACTERISTICS |
| fixed length control field |
m d |
| 007 - PHYSICAL DESCRIPTION FIXED FIELD--GENERAL INFORMATION |
| fixed length control field |
cr n |
| 008 - FIXED-LENGTH DATA ELEMENTS--GENERAL INFORMATION |
| fixed length control field |
110501s2010 enka sb 001 0 eng d |
| 015 ## - NATIONAL BIBLIOGRAPHY NUMBER |
| National bibliography number |
GBA848590 |
| Source |
bnb |
| 016 7# - NATIONAL BIBLIOGRAPHIC AGENCY CONTROL NUMBER |
| Record control number |
014567451 |
| Source |
Uk |
| 020 ## - INTERNATIONAL STANDARD BOOK NUMBER |
| International Standard Book Number |
9780854049561 (hbk.) |
| 035 ## - SYSTEM CONTROL NUMBER |
| System control number |
(WaSeSS)ssj0000448022 |
| 038 ## - RECORD CONTENT LICENSOR |
| Staff Name |
khadija |
| 040 ## - CATALOGING SOURCE |
| Original cataloging agency |
UKM |
| Transcribing agency |
UKM |
| Modifying agency |
YDXCP |
| -- |
BWKUK |
| -- |
BWK |
| -- |
WaSeSS |
| 042 ## - AUTHENTICATION CODE |
| Authentication code |
nlmcopyc |
| 050 #4 - LIBRARY OF CONGRESS CALL NUMBER |
| Classification number |
R857.P6 |
| Item number |
P65 2010 |
| 060 00 - NATIONAL LIBRARY OF MEDICINE CALL NUMBER |
| Classification number |
2010 F-753 |
| 060 10 - NATIONAL LIBRARY OF MEDICINE CALL NUMBER |
| Classification number |
QT 36.5 |
| 082 04 - DEWEY DECIMAL CLASSIFICATION NUMBER |
| Classification number |
610.28 |
| Edition number |
22 |
| Author Mark |
POL |
| 210 10 - ABBREVIATED TITLE |
| Abbreviated title |
Polymer-based nanostructures |
| 245 00 - TITLE STATEMENT |
| Title |
Polymer-based nanostructures |
| Remainder of title |
medical applications / |
| Statement of responsibility, etc. |
edited by Pavel Broz. |
| 260 ## - PUBLICATION, DISTRIBUTION, ETC. |
| Place of publication, distribution, etc. |
Cambridge, UK : |
| Name of publisher, distributor, etc. |
Royal Society of Chemistry, |
| Date of publication, distribution, etc. |
c2010. |
| 490 0# - SERIES STATEMENT |
| Series statement |
RSC nanoscience and nanotechnology, |
| International Standard Serial Number |
1757-7136 ; |
| Volume/sequential designation |
9 |
| 504 ## - BIBLIOGRAPHY, ETC. NOTE |
| Bibliography, etc. note |
Includes bibliographical references and index. |
| 506 ## - RESTRICTIONS ON ACCESS NOTE |
| Terms governing access |
License restrictions may limit access. |
| 563 ## - BINDING INFORMATION |
| Binding note |
hardcover |
| 650 12 - SUBJECT ADDED ENTRY--TOPICAL TERM |
| Topical term or geographic name entry element |
Nanostructures |
| 9 (RLIN) |
3334 |
| 650 22 - SUBJECT ADDED ENTRY--TOPICAL TERM |
| Topical term or geographic name entry element |
Polymers |
| 9 (RLIN) |
2051 |
| 700 1# - ADDED ENTRY--PERSONAL NAME |
| Personal name |
Broz, Pavel. |
| 9 (RLIN) |
82707 |
| 710 2# - ADDED ENTRY--CORPORATE NAME |
| Corporate name or jurisdiction name as entry element |
Royal Society of Chemistry (Great Britain) |
| 9 (RLIN) |
443 |
| 773 #0 - HOST ITEM ENTRY |
| Title |
Royal Society of Chemistry eBooks |
| 830 #0 - SERIES ADDED ENTRY--UNIFORM TITLE |
| Uniform title |
RSC nanoscience & nanotechnology ; |
| Volume/sequential designation |
9. |
| 9 (RLIN) |
82708 |
| 856 40 - ELECTRONIC LOCATION AND ACCESS |
| Uniform Resource Identifier |
<a href="http://www.columbia.edu/cgi-bin/cul/resolve?clio8639021">http://www.columbia.edu/cgi-bin/cul/resolve?clio8639021</a> |
| Public note |
Full text available from Royal Society of Chemistry eBooks |
| 910 ## - USER-OPTION DATA (OCLC) |
| User-option data |
National Library of Medicine record |
| 942 ## - ADDED ENTRY ELEMENTS (KOHA) |
| Source of classification or shelving scheme |
|
| Koha item type |
Book |